000
00203 a2200097 4500
001
56043
100
_a
245
_a
Red storm rising
260
_a
USA
_b
Collins Clear Type
_c
1990
090
_c
34713
_d
34713
942
_a
NUST-CAE
_c
_c
27462
999
_c
291116
_d
291116